| 000 | 00684nam a2200229Ia 4500 | ||
|---|---|---|---|
| 003 | OSt | ||
| 005 | 20220925221749.0 | ||
| 006 | a|||||r|||| 00| 0 | ||
| 007 | ta | ||
| 008 | 220923b |||||||| |||| 00| 0 eng d | ||
| 037 | _cGeneral Book | ||
| 040 |
_aRTL _cRTL _beng |
||
| 041 |
_2eng _aeng |
||
| 082 | _aXoayd56.N77r, L7/GD | ||
| 110 |
_aNATIONAL INSTITUTE OF ECONOMIC AND SOCIAL RESEARCH _9287068 |
||
| 245 | 0 | _a35th annual report1977. | |
| 260 |
_aLondon _bNIESR _c1977 |
||
| 300 |
_a30p. _ccm. |
||
| 700 |
_aNATIONAL INSTITUTE OF ECONOMIC AND SOCIAL RESEARCH _9287069 |
||
| 942 |
_hXoayd56.N77r, L7/GD _cGB _2CC |
||
| 999 |
_c575293 _d575293 |
||